| 000 | 00687cam a2200229 a 4500 | ||
|---|---|---|---|
| 001 | 1181457 | ||
| 005 | 20180814080707.0 | ||
| 008 | 970711s1998 njua b 001 0 eng | ||
| 010 | _a 97028665 | ||
| 020 | _a0132639300 (pbk.) | ||
| 040 |
_aDLC _cDLC _dDLC |
||
| 041 | _aeng | ||
| 080 | _a305.232 | ||
| 082 | 0 | 0 |
_a305.232 _221 |
| 100 | 1 | _a8 | |
| 101 | _aPED | ||
| 245 | 1 | 0 |
_aInfant development / _cCharles W. Snow. |
| 504 | _aIncludes bibliographical references (p. 283-321) and indexes. | ||
| 906 |
_a7 _bcbc _corignew _d1 _eocip _f19 _gy-gencatlg |
||
| 942 |
_2ddc _cBK |
||
| 999 |
_c47147 _d47147 |
||